000 00408nam a22001697a 4500
003 MPLRDC
005 20220104123708.0
008 210129b ||||| |||| 00| 0 eng d
082 _a857.214 YM
100 _a不详
245 _a封神榜
_c
260 _a
_b辅新书局
_c1991
300 _b
490 _a新编儿童益智丛书. 20
650 _a小说--笔记; 异闻
942 _cBK
_o857.214 YM
999 _c13461
_d13451